000 00842nab a2200253 u 4500
001 17490
003 HDC
007 cr bn ---aaaaa
008 210224c20100426xx dr|noo 0 a eng d
040 _aHDC
100 _aKruthanawat, Thosathorn
_916858
245 0 _aMalaysia woos Thai halal trade / by
_cThosathorn Kruthanawat
260 _a[No place] :
_b[publisher not identified],
_c2010
336 _atext
_2rdacontent
337 _acomputer
_2rdamedia
338 _aonline resource
_2rdacarrier
650 _aHalal entrepreneurs
_916859
650 _aHalal trade
_9970
710 _aHalal Focus
856 _zRequest full-text at [email protected]
942 _2lcc
942 _cNEWS
942 _kNWSO 005935
999 _c14806
_d14806